000
00330nam a2200133Ia 4500
008
240624s9999 xx 000 0 und d
041
_a
eng
082
_a
658.81 MAL
100
_a
MALLIK PRADIP KUMAR
245
_a
SALES MANAGEMENT
260
_c
2014
_a
New Delhi
_b
Oxford
300
_a
xvi, : 492 : p. : cm. ; 26
365
_c
RS
_b
31
999
_c
24950
_d
24950